| 000 | 01170pam a2200289 a 4500 | ||
|---|---|---|---|
| 001 | 3999315 | ||
| 003 | NUST-PNEC | ||
| 005 | 20170116180659.0 | ||
| 008 | 960903s1997 caua b 001 0 eng | ||
| 010 | _a 96035230 | ||
| 020 | _a0534508839 (acidfree, recycled paper) | ||
| 040 |
_aDLC _cPNEC _dDLC |
||
| 050 | 0 | 0 |
_aTA340 _b.L34 1997 |
| 082 | 0 | 0 | _a620.0072 LAP |
| 100 | 1 | _aLapin, Lawrence L. | |
| 245 | 1 | 0 |
_aModern engineering statistics / _cLawrence L. Lapin. |
| 260 |
_aBelmont, CA : _bDuxbury Press, _cc1997. |
||
| 300 |
_axv, 583 p. : _bill. ; _c24 cm. + _e1 computer disk (3 1/2 in.) |
||
| 500 | _ahttp://www.amazon.com/Modern-Engineering-Statistics-Lawrence-Lapin/dp/0534508839/ref=sr_1_1?s=books&ie=UTF8&qid=1410001000&sr=1-1&keywords=0534508839 | ||
| 500 | _a"An Alexander Kugushev book." | ||
| 504 | _aIncludes bibliographical references (p. 555-557) and index. | ||
| 650 | 0 |
_aEngineering _xStatistical methods. ME, MIS |
|
| 650 | 0 | _aProbabilities. | |
| 906 |
_a7 _bcbu _corignew _d1 _eocip _f19 _gy-gencatlg |
||
| 942 |
_2ddc _cBK |
||
| 999 |
_c60481 _d60481 |
||